000 02941ncm0a2200469 4500
001 RU\NLR\ONIZ\264534
005 20260215052645.0
035 _a(NLR Aleph) 022725894
071 2 0 _aФ. 214 Д.
090 _a13554204
_c13554204
100 _a20260215 rusy50
101 0 _arus
102 _aRU
125 _azx
128 _armc
145 0 _ac
200 1 _aЯ разлюбил тебя...
_bНоты
_e(Сожаление)
_e"Забудь меня мои все обещанья..."
_ecanto, piano
_fмузыка Н. Бравина
_gслова Л. А. Козэль
203 _aМузыка
_bзнаковая
_bвизуальная
_cнепосредственная
210 _aМосква
_cТ/д. "Детлаф и Ко"
_aПетроград
_cН. Х. Давингоф
_d[после 1914]
215 _a3 с.
_cфотопортр.
_d35 см
225 1 _aРепертуар Н. Бравина
_eромансы
_v№ 2
225 1 _aИздание Т.|д. Детлаф и Ко.
300 _aФотопортр. Н. Бравина: тит. л.
313 _aСистематизация документа проведена по изданию - Методика классифицирования музыкальных произведений (нотных изданий) по таблицам Библиотечно-библиографических классификаций : метод. рекомендации / Гос. б-ка СССР им. В.И. Ленина.- М., 1977. Индексу ББК методических рекомендаций присваивается код ББК для научных библиотек - LBC/SL
317 _6b05899
_5NLR
_aНа тит. л. автогр. Н. Бравина: "Дорогому Мише скромное творение в минуту вдохновения - не суди строго. Твой Н. Бравин. 18.05.1917. Москва"
606 1 _aМузыка вокальная русская
_z19-20 вв.
_jНоты
_2nlr_sh
606 1 _aЦыганские романсы
_yРоссия
_z19-20 вв.
_jНоты
_2nlr_sh
606 1 _aМузыкальные произведения для голоса с фортепиано
_yРоссия
_z19-20 вв.
_jНоты
_2nlr_sh
686 0 _aЩ943.4-42-043.3(28)
686 0 _aЩ943.4-42-043.32(28)
700 1 _9z04790
_aБравин
_bН. М.
_f1883-1956
_gНиколай Михайлович
_4230
_4721
_7ca
702 1 _9z02790
_aКозэль
_bЛ. А.
_fкон. 19 - нач. 20 в.
_4520
_7ca
790 1 _9z02702
_aKozêl
_bL. A.
_fкон. 19 - нач. 20 в.
_4520
_7ba
790 1 _9z04700
_aBravin
_bN. M.
_f1883-1956
_gNikolaj Michajlovič
_4230
_4721
_7ba
801 0 _aRU
_bNLR
_c20210909
_gPSBO
801 1 _aRU
_bNLR
_c20210909
_2rusmarc
801 2 _aRU
_bNLR
_c20220607
852 _6b05317
_aNLR
_gМ
_jК-4/5666
_m270836
_t1
942 _cSCORE
980 _aONIZ
980 _aNB